बडोदे. (Record no. 255087)

MARC details
000 -LEADER
fixed length control field 00530nam a2200181Ia 4500
008 - FIXED-LENGTH DATA ELEMENTS--GENERAL INFORMATION
fixed length control field 090630s9999 xx 000 0 und d
082 ## - DEWEY DECIMAL CLASSIFICATION NUMBER
Item number 3231
100 ## - MAIN ENTRY--PERSONAL NAME
Personal name वाकसकर वि. स.
245 ## - TITLE STATEMENT
Title बडोदे.
Statement of responsibility, etc वाकसकर वि. स.
260 ## - PUBLICATION, DISTRIBUTION, ETC. (IMPRINT)
Name of publisher, distributor, etc दा. सा. मंडळी.
Date of publication, distribution, etc 1937
300 ## - PHYSICAL DESCRIPTION
Extent 110
600 ## - SUBJECT ADDED ENTRY--PERSONAL NAME
Personal name वाकसकर वि. स.
630 ## - SUBJECT ADDED ENTRY--UNIFORM TITLE
Uniform title बडोदे.
655 ## - INDEX TERM--GENRE/FORM
Genre/form data or focus term इतर.
700 ## - ADDED ENTRY--PERSONAL NAME
Personal name वाकसकर वि. स.
730 ## - ADDED ENTRY--UNIFORM TITLE
Uniform title बडोदे.
942 ## - ADDED ENTRY ELEMENTS (KOHA)
Koha item type Book
Holdings
Withdrawn status Lost status Damaged status Not for loan Home library Current library Date acquired Cost, normal purchase price Total Checkouts Full call number Barcode Date last seen Cost, replacement price Price effective from Koha item type
        Sarvajanik Wachanalaya Shrivardhan Sarvajanik Wachanalaya Shrivardhan 02/08/2004 0.37   3231 SAWASHRI-3231 06/30/2009 0.37 06/30/2009 Book